000 00505nam a2200169Ia 4500
008 180921t2016 xxu||||| |||| 00| 0 sin d
041 _asin
080 _a659.9
_bETH
100 _aEthugala,Ariyarathnea
245 _aටෙලි නාට්‍ය විචාර විමිතිය: 85 95 යුගයේ
246 _aTeli Natya Wichara vimithiya:85 95 Ugaye
260 _bFast
_aColombo
_c2016
300 _b259p, 23cm
942 _cBK
999 _c1616
_d1616
003 LK-CoDNM
040 _aLK-CoDNM
_dLK-CoDNM
_eLK-CoDNM